banner koha

Correcao cirurgica do arco aortico direto persistente em um canino de 2 meses de idade (Registro n. 161496)

MARC details
000 -LÍDER
campo de controle de tamanho fixo 00886nas a2200277 4500
001 - NÚMERO DE CONTROLE
campo de controle BR9902073
003 - IDENTIFICADOR DO NÚMERO DE CONTROLE
campo de controle BR-BrBNA
005 - DATA E HORÁRIO DA ÚLTIMA TRANSAÇÃO
campo de controle 20231205101401.0
007 - CAMPO FIXO DE DESCRIÇÃO FÍSICA--INFORMAÇÃO GERAL
campo de controle de tamanho fixo ta
008 - CAMPO DE DADOS FIXOS--INFORMAÇÃO GERAL
campo de controle de tamanho fixo 230509b bl.|||p| |||| 00| 00por d
040 ## - FONTE DA CATALOGAÇÃO
Instituição da catalogação original BR-BrBNA
Idioma da catalogação por
Instituição que transcreveu o registro Biblioteca Nacional de Agricultura
041 ## - CÓDIGO DE IDIOMA
Código do idioma do texto/trilha sonora ou título diferente (Pt)
072 ## - CÓDIGO DE CATEGORIA DE ASSUNTO
Código de Categoria de Assunto L74; L70
100 1# - ENTRADA PRINCIPAL--NOME PESSOAL
Nome pessoal Barcellos, H.H.A.
100 1# - ENTRADA PRINCIPAL--NOME PESSOAL
Nome pessoal Brun, M.V.
100 1# - ENTRADA PRINCIPAL--NOME PESSOAL
Nome pessoal Do Canto, S.P.
100 1# - ENTRADA PRINCIPAL--NOME PESSOAL
Nome pessoal Silva Filho, A.P.F.
245 1# - TÍTULO
Título Correcao cirurgica do arco aortico direto persistente em um canino de 2 meses de idade
650 ## - ASSUNTO--TERMO TÓPICO
Cabeçalho tópico ou nome geográfico Cao
650 ## - ASSUNTO--TERMO TÓPICO
Cabeçalho tópico ou nome geográfico Disturbio Fisiologico
650 ## - ASSUNTO--TERMO TÓPICO
Cabeçalho tópico ou nome geográfico Esofago
650 ## - ASSUNTO--TERMO TÓPICO
Cabeçalho tópico ou nome geográfico Taracotomia
773 0# - ENTRADA ANALÍTICA
Título Arquivos da Faculdade de Veterinaria da Universidade Federal do Rio Grande do Sul (Brazil)
ISSN - International Standard Serial Number ISSN 0101-5230
Partes relacionadas (1998), v. 26(1) p. 106-112
Número de controle do registro BR9902073
909 ## -
-- 202311
-- Lúcia
-- 55
-- Lúcia Elande
942 ## - ELEMENTOS DE ENTRADA ADICIONADOS (KOHA)
Fonte da classificação ou esquema de arquivamento na estante Classificação AGRIS
Ocultar no OPAC Não
Tipo de material Koha Analítica
Exemplares
Situação do descarte Fonte da classificação ou esquema de arquivamento na estante Situação física Não pode ser emprestado Biblioteca de origem Biblioteca atual Localização na estante Enumeração do periódico / cronologia Total de empréstimos Data de último acesso Número do exemplar Tipo de material Koha Fonte de aquisição
  Classificação AGRIS   Consulta local Biblioteca Nacional de Agricultura - Binagri Biblioteca Nacional de Agricultura - Binagri   (1998), v. 26(1) p. 106-112   29/11/2023 01 Periódicos Portaria Interministerial nº 164/94

BINAGRI

Telefone: (61)3218-2567/2388/3357/2097 - binagri@agro.gov.br

Ministério da Agricultura e Pecuária , Esplanada dos Ministérios, Bloco D, Anexo B, Brasília/DF, CEP: 70.043-900